02342cam a22003615i 4500999001700000001000900017003000900026005001700035008004100052020002500093040003800118082001700156100003500173245009800208264005100306300004400357336002600401337002800427338002700455504005100482520091400533650008101447650004501528650004001573650003001613650003701643650005601680651001001736653002701746655001701773942001201790952017801802 c24120d2409218697375EG-ScBUE20200209124913.0150713t20162016nyua f b 001 0 eng d a9781107615076 (pbk.) aDLCerdabengcDLCdDLCdEG-ScBUE04a801bHAM2221 aHammond, Adam,d1981-eauthor.10aLiterature in the digital age :ban introduction /cAdam Hammond, San Diego State University. 1aNew York :bCambridge University Press,c2016. axx, 233 pages :billustrations ;c24 cm atextbtxt2rdacontent aunmediatedbn2rdamedia avolumebnc2rdacarrier aIncludes bibliographical references and index. aLiterature in a Digital Age: An Introduction guides readers through the most salient theoretical, interpretive, and creative possibilities opened up by the shift to digital literary forms such as e-books, digital archives, and electronic literature. While Digital Humanities (DH) has been hailed as the 'next big thing' in literary studies, many students and scholars remain perplexed as to what a DH approach to literature entails, and skeptical observers continue to see literature and the digital world as fundamentally incompatible. In its argument that digital and traditional scholarship should be placed in dialogue with each other, this book contextualizes the advent of the digital in literary theory, explores the new questions readers can ask of texts when they become digitized, and investigates the challenges that fresh forms of born-digital fiction pose to existing models of literary analysis. 7aLiterature, Moderny21st centuryxHistory and criticismxTheory, etc.2BUEsh 7aInformation theory in literature.2BUEsh 7aLiterature and the Internet.2BUEsh 7aOnline authorship.2BUEsh 7aComputer literacy.2BUEsh926078 7aHypertext literaturexHistory and criticism.2BUEsh 2BUEsh bHHUUEENNcFebruary2017 vReading book 2ddccBB 00102ddc40708BaccahaMAINbMAINc2NDd2017-02-11ePurchaseg486.00h27334l2m23o801 HAMp000045410q2021-11-30r2021-10-31 00:00:00s2021-10-31v607.50w2017-02-11yBB